000
00210nam a2200097Ia 4500
008
240331s9999 xx 000 0 und d
082
_b
DOM
100
_a
Dominelli, L
245
0
_a
Feminist social work
942
_c
L
999
_c
2909
_d
2909